000 00345nam a22001697a 4500
003 UA-OsUOA
001 5372
007 ta
008 20050721b un ||||| |||| 00| 0 ukr d
100 _aShevchenko
700 _aTaras
942 _cBK
040 _aUA-OsUOA
_cUA-OsUOA
_dUA-OsUOA
245 _aSelections
_bPoems
955 _a2
650 7 _2UDC
999 _c291534
_d291534